[Event "Tourn. n8735"]
[Site "www.chess-mail.com"]
[Date "2016.06.03"]
[Round "1"]
[White "Seger"]
[Black "Jose"]
[WhiteElo "2740"]
[BlackElo "2740"]
[Result "1/2-1/2"]
[Round "1"]
1.d4 d5
2.c4 c5
3.cxd5 Qd8xd5
4.Ng1f3 cxd4
5.Nb1c3 Qd5a5
6.Nf3xd4 Ng8f6
7.Bc1d2 e5
8.Nd4b5 Qa5b6
9.Bd2e3 Bf8c5
10.Be3xc5 Qb6xc5
11.b4 Qc5b6
12.e3 O-O
13.Nc3a4 Qb6e6
14.Nb5c7 Qe6e7
15.Ra1c1 Bc8g4
16.f3 Rf8d8
17.Qd1c2 Rd8c8
18.fxg4 Nf6e8
19.Nc7xa8 Rc8xc2
20.Rc1xc2 Qe7xb4
21.Na4c3 Qb4c5
22.Bf1e2 h6
23.O-O Qc5xe3
24.Kh1 Nb8c6
25.Nc3d5 Qe3g5
26.Be2c4 Ne8d6
27.Na8c7 Nc6d4
28.Rc2c3 Nd6xc4
29.Rc3xc4 Qg5xg4
30.a4 Kh7
31.Rf1e1 Qg4g5
{ draw }
1/2-1/2

[Event "Tourn. n8741"]
[Site "www.chess-mail.com"]
[Date "2016.06.03"]
[Round "1"]
[White "Difficult"]
[Black "Picifarkinca"]
[WhiteElo "1850"]
[BlackElo "1720"]
[Result "0-1"]
[Round "1"]
1.e4 Ng8f6
2.e5 Nf6d5
3.d4 d6
4.c4 Nd5b6
5.exd6 cxd6
6.Nb1c3 Bc8f5
7.Bf1d3 Qd8c8
8.b3 Nb8c6
9.Ng1f3 Bf5g4
10.Bd3e2 Qc8f5
11.h3 Bg4xf3
12.Be2xf3 a6
13.O-O e6
14.Bf3e4 Qf5f6
15.Bc1e3 d5
16.cxd5 Nb6xd5
17.Nc3xd5 exd5
18.Be4xd5 Bf8a3
19.Bd5xc6 bxc6
20.Rf1e1 O-O
21.Ra1b1 { time. }
0-1

[Event "Tourn. n8724"]
[Site "www.chess-mail.com"]
[Date "2016.06.03"]
[Round "1"]
[White "Prize64"]
[Black "Roque1"]
[WhiteElo "2250"]
[BlackElo "2080"]
[Result "1-0"]
[Round "1"]
1.e4 c5
2.Ng1f3 e6
3.d4 cxd4
4.Nf3xd4 Ng8f6
5.Nb1c3 Bf8b4
6.Bf1d3 O-O
7.Bc1d2 Qd8b6
8.Nd4b3 Nb8c6
9.O-O e5
10.a3 Bb4e7
11.Bd2e3 Qb6c7
12.h3 d6
13.f4 Bc8e6
14.f5 Be6d7
15.g4 a5
16.g5 a4
17.gxf6 Be7xf6
18.Nc3d5 Qc7d8
19.Nb3d2 Nc6e7
20.Nd5xf6 gxf6
21.Qd1h5 Ne7c6
22.Be3h6 Rf8e8
23.Qh5g4 { resign }
1-0

[Event "Tourn. n8645"]
[Site "www.chess-mail.com"]
[Date "2016.06.03"]
[Round "1"]
[White "Julian"]
[Black "Roserl"]
[WhiteElo "2030"]
[BlackElo "1900"]
[Result "0-1"]
[Round "1"]
1.e4 c5
2.Ng1f3 d6
3.c3 Ng8f6
4.e5 dxe5
5.Nf3xe5 e6
6.d4 cxd4
7.cxd4 Bf8b4
8.Nb1c3 Nf6e4
9.Bf1b5 Bc8d7
10.Bb5xd7 Nb8xd7
11.O-O Ne4xc3
12.bxc3 Bb4xc3
13.Ra1b1 Ra8b8
14.Qd1f3 Nd7xe5
15.Qf3xc3 Ne5c6
16.Bc1f4 Rb8c8
17.Qc3g3 O-O
18.Bf4h6 Qd8f6
19.Bh6e3 b6
20.Be3g5 Qf6xd4
21.Rf1d1 Qd4e5
22.Bg5f4 Qe5f6
23.Bf4g5 Qf6f5
24.Bg5h6 Qf5f6
25.Bh6g5 Qf6g6
26.h4 h6
27.Bg5e3 Qg6xg3
28.fxg3 Rf8d8
29.g4 Nc6e5
30.g5 hxg5
31.Be3xg5 f6
32.Bg5f4 Ne5c4
33.Rd1xd8 Rc8xd8
34.Bf4c7 Rd8d7
35.Bc7b8 e5
36.g4 Nc4d2
37.Rb1b4 Nd2f3
38.Kh1 Nf3xh4
39.Rb4a4 a5
40.Ra4c4 Nh4f3
41.Bb8c7 b5
42.Rc4c5 Nf3d4
43.Bc7xa5 Rd7b7
44.g5 Kf7
45.gxf6 gxf6
46.Kg2 Ke6
47.Kf2 f5
48.Ba5b4 e4
49.a3 f4
50.Rc5h5 e3
51.Ke1 f3
52.Bb4c5 f2
53.Kf1 e2
54.Kxf2 Rb7f7
{ resign }
0-1

[Event "Tourn. n8755"]
[Site "www.chess-mail.com"]
[Date "2016.06.03"]
[Round "1"]
[White "Difficult"]
[Black "Bojan"]
[WhiteElo "1800"]
[BlackElo "1820"]
[Result "0-1"]
[Round "1"]
1.c4 c5
2.Nb1c3 e6
3.Ng1f3 Ng8f6
4.d4 cxd4
5.Nf3xd4 Qd8b6
6.Nd4b3 Nb8c6
7.Bc1e3 Qb6c7
8.g3 Nc6e5
9.c5 Ne5c4
10.Qd1d4 Nc4xe3
11.Qd4xe3 d6
12.cxd6 Bf8xd6
13.Bf1g2 O-O
14.O-O a6
15.Ra1c1 Qc7e7
16.Nc3a4 Ra8b8
17.Na4b6 Bc8d7
18.Nb6xd7 Qe7xd7
19.Rf1d1 Qd7e7
20.Qe3d2 { time. }
0-1

[Event "Tourn. n8772"]
[Site "www.chess-mail.com"]
[Date "2016.06.03"]
[Round "1"]
[White "Picifarkinca"]
[Black "Falcoale"]
[WhiteElo "1810"]
[BlackElo "1710"]
[Result "1-0"]
[Round "1"]
1.e4 c5
2.c4 Nb8c6
3.Ng1f3 e6
4.d4 cxd4
5.Nf3xd4 Ng8f6
6.Nb1c3 Bf8b4
7.f3 Bb4xc3
8.bxc3 O-O
9.Nd4xc6 bxc6
10.c5 Bc8b7
11.Qd1d4  { time }
1-0

[Event "Tourn. n8690"]
[Site "www.chess-mail.com"]
[Date "2016.06.03"]
[Round "1"]
[White "Tonino1"]
[Black "Milkyway"]
[WhiteElo "2210"]
[BlackElo "2269"]
[Result "1/2-1/2"]
[Round "1"]
1.d4 f5
2.Ng1f3 Ng8f6
3.e3 g6
4.Bf1d3 Bf8g7
5.b3 d6
6.Bc1b2 O-O
7.Nb1d2 c6
8.O-O Qd8c7
9.Qd1e2 Nb8d7
10.Nf3g5 Nd7b6
11.f4 h6
12.Ng5f3 Kh7
13.Nf3h4 d5
14.Nd2f3 Nf6e4
15.Nf3e5 Rf8f6
16.Rf1f3 Nb6d7
17.Rf3h3 Nd7xe5
18.fxe5 Rf6f8
19.Bd3xe4 fxe4
20.Rh3g3 Bc8f5
21.Nh4xf5 gxf5
22.Qe2h5 e6
23.Qh5g6 Kh8
24.Qg6xe6 Ra8e8
25.Qe6g6 Qc7f7
26.Bb2a3 Qf7xg6
27.Rg3xg6 Rf8f7
28.h4 Kh7
{ draw }
1/2-1/2

[Event "Tourn. n8681"]
[Site "www.chess-mail.com"]
[Date "2016.06.03"]
[Round "1"]
[White "Amaya"]
[Black "Badshahc"]
[WhiteElo "2040"]
[BlackElo "1930"]
[Result "1-0"]
[Round "1"]
1.d4 Ng8f6
2.e3 g6
3.Bf1d3 Bf8g7
4.Nb1d2 d6
5.f4 O-O
6.Ng1f3 c5
7.c3 Bc8d7
8.O-O Bd7c6
9.a3 a5
10.Qd1e2 Qd8d7
11.Qe2f2 b5
12.Qf2h4 Nb8a6
13.Nf3g5 Qd7g4
14.Qh4f2 h6
15.h3 Qg4c8
16.Ng5e4 Nf6d7
17.Qf2g3 c4
18.Bd3c2 d5
19.Ne4f2 Nd7f6
20.e4 dxe4
21.Nd2xe4 Qc8e6
22.Rf1e1 Nf6xe4
23.Nf2xe4 Bc6xe4
24.Bc2xe4 Qe6f6
25.Be4xa8 Rf8xa8
26.Bc1d2 Na6c7
27.Re1e4 Ra8d8
28.Ra1e1 e6
29.Re4e5 Nc7d5
30.f5 gxf5
31.Bd2f4 Kh7
32.Re5e2 Nd5xf4
33.Qg3xf4 Rd8d5
34.Re2e3  { time }
1-0

[Event "Tourn. n8677"]
[Site "www.chess-mail.com"]
[Date "2016.06.03"]
[Round "1"]
[White "Xkafi"]
[Black "Tonino1"]
[WhiteElo "2010"]
[BlackElo "2250"]
[Result "0-1"]
[Round "1"]
1.c4 Ng8f6
2.h3 g6
3.Nb1c3 Bf8g7
4.d4 O-O
5.Ng1f3 d6
6.Bc1g5 c6
7.e4 Qd8c7
8.Bg5f4 Nb8d7
9.Bf1d3 e5
10.dxe5 dxe5
11.Bf4g3 Nf6h5
12.Bg3h2 Nd7c5
13.Bd3e2 Nh5f4
14.Bh2xf4 exf4
15.Qd1c2 h6
16.b4 Nc5e6
17.c5 Ne6d4
18.Nf3xd4 Bg7xd4
19.Be2c4 Qc7e5
20.Ra1c1 Bd4xc3
21.Qc2xc3 Qe5xe4
22.Kf1 Rf8e8
23.Kg1 Bc8f5
24.Qc3f6 Bf5e6
25.Bc4xe6 Re8xe6
26.Qf6c3 Ra8e8
27.Kh2 Qe4e5
28.Qc3f3 Qe5e4
29.Qf3xe4 Re6xe4
30.a3 Re4e2
31.Rh1f1 Re2a2
32.Rc1c3 Re8e2
33.Kg1 g5
34.Rc3d3 b6
35.cxb6 axb6
36.Rd3c3 Re2c2
37.Rc3d3 h5
38.Rd3b3 c5
39.bxc5 bxc5
40.Rb3f3 c4
41.Rf1e1 c3
42.Re1e5 f6
43.Re5a5 Rc2c1
44.Kh2 c2
45.Rf3c3 Ra2a1
46.Rc3c8 Kg7
47.Ra5a7 Kg6
48.Rc8g8 Kf5
49.Ra7a5 Ke6
50.g4 Rc1h1
51.Kg2 Ra1g1
52.Kf3 c1Q
{ resign }
0-1

[Event "Tourn. n8744"]
[Site "www.chess-mail.com"]
[Date "2016.06.03"]
[Round "1"]
[White "Difficult"]
[Black "Hundegana"]
[WhiteElo "1850"]
[BlackElo "1940"]
[Result "0-1"]
[Round "1"]
1.Nb1c3 g6
2.d4 Bf8g7
3.e4 d6
4.Ng1f3 Ng8f6
5.Bf1e2 O-O
6.Bc1g5 h6
7.Bg5h4 c6
8.O-O Bc8g4
9.h3 Bg4xf3
10.Be2xf3 Nb8d7
11.Bh4g3 Nf6h7
12.Rf1e1 Kh8
13.Qd1d2 Qd8b6
14.e5 d5
15.Ra1b1 e6
16.Nc3e2 Ra8c8
17.c3 c5
18.b3 cxd4
19.cxd4 Rc8c7
20.Rb1c1 { time. }
0-1

[Event "Tourn. n8673"]
[Site "www.chess-mail.com"]
[Date "2016.06.03"]
[Round "1"]
[White "Difficult"]
[Black "Bira47"]
[WhiteElo "1890"]
[BlackElo "1950"]
[Result "0-1"]
[Round "1"]
1.d4 b6
2.e4 Bc8b7
3.d5 Ng8f6
4.Nb1c3 a6
5.e5 Nf6g8
6.Ng1f3 h6
7.Bc1e3 b5
8.a3 c6
9.Bf1e2 cxd5
10.Nc3xd5 e6
11.Nd5c3 Nb8c6
12.O-O Ra8c8
13.Rf1e1 d5
14.Be3d4 Nc6xd4
15.Nf3xd4 Bf8c5
16.Nd4b3 Bc5b6
17.Nb3d4 Bb6c7
18.Be2f3 Ng8e7
19.Qd1e2 O-O
20.Ra1d1 Bc7b6
21.h3 Ne7c6
22.Nd4xc6 Bb7xc6
23.Qe2d2 d4
24.Nc3e4 Bc6xe4
25.Bf3xe4 f5
26.Be4b7 Rc8c7
27.Bb7f3 Qd8g5
28.Qd2e2 Bb6a5
29.Re1f1 Rf8c8
30.Rd1c1 Qg5d2
31.Qe2xd2 Ba5xd2
32.Rc1d1 Rc7xc2
33.Bf3b7 Rc8c7
34.Bb7xa6 Rc2xb2
35.Ba6xb5 Rb2xb5
36.Rd1xd2 Rb5xe5
37.Rd2xd4 Rc7a7
38.a4 Re5a5
39.Rf1a1 e5
40.Rd4c4 e4
41.Kf1 Kf7
42.Ke2 Ke6
43.Ke3 Ra7a6
44.Kd4 Ra5d5
45.Kc3 Rd5d3
46.Kc2 Kd5
47.Rc4b4 Ra6c6
48.Kb1 Rd3d1
49.Ka2 Rd1d2
50.Rb4b2 { time. }
0-1

[Event "Tourn. n8755"]
[Site "www.chess-mail.com"]
[Date "2016.06.03"]
[Round "1"]
[White "Difficult"]
[Black "Roque1"]
[WhiteElo "1800"]
[BlackElo "1950"]
[Result "1-0"]
[Round "1"]
1.c4 e6
2.d4 Nb8c6
3.Ng1f3 Ng8f6
4.Nb1c3 Bf8b4
5.Bc1d2 Bb4xc3
6.Bd2xc3 O-O
7.e3 d5
8.Bf1e2 Bc8d7
9.O-O Qd8e7
10.a3 { time. }
1-0

[Event "Tourn. n8750"]
[Site "www.chess-mail.com"]
[Date "2016.06.03"]
[Round "1"]
[White "Difficult"]
[Black "Francesco"]
[WhiteElo "1830"]
[BlackElo "1960"]
[Result "0-1"]
[Round "1"]
1.Ng1f3 d5
2.g3 Ng8f6
3.d4 Bc8g4
4.Bf1g2 e6
5.Nb1d2 Bf8d6
6.O-O O-O
7.c4 c6
8.b3 Nb8d7
9.Bc1b2 h6
10.h3 Bg4h5
11.c5 Bd6c7
12.b4 Qd8e7
13.Nd2b3 Rf8e8
14.a4 e5
15.Nf3xe5 Nd7xe5
16.dxe5 Bc7xe5
17.Bb2xe5 Qe7xe5
18.Rf1e1 Qe5c3
19.Nb3d4 Qc3xb4
20.Nd4b3 { time. }
0-1

[Event "Tourn. n8787"]
[Site "www.chess-mail.com"]
[Date "2016.06.03"]
[Round "1"]
[White "Picifarkinca"]
[Black "Difficult"]
[WhiteElo "1870"]
[BlackElo "1870"]
[Result "1-0"]
[Round "1"]
1.e4 c6
2.d4 d5
3.Nb1d2 dxe4
4.Nd2xe4 Ng8f6
5.Ne4xf6 exf6
6.h3 Bf8d6
7.Ng1f3 O-O
{ time. }
1-0

[Event "Tourn. n8714"]
[Site "www.chess-mail.com"]
[Date "2016.06.03"]
[Round "1"]
[White "Roque1"]
[Black "Odin"]
[WhiteElo "2080"]
[BlackElo "2010"]
[Result "0-1"]
[Round "1"]
1.e4 e5
2.Ng1f3 d6
3.Nb1c3 Bc8e6
4.Bf1b5 c6
5.Bb5a4 b5
6.Ba4b3 Be6g4
7.Bb3xf7 Kxf7
8.Nf3xe5 dxe5
9.Qd1xg4 Ng8f6
10.Qg4f5 Bf8d6
11.d3 Rh8f8
12.Bc1g5 Kg8
13.O-O-O Qd8e8
14.Rd1f1 Nf6d5
15.Qf5g4 Nd5xc3
16.bxc3 Qe8f7
17.Kb1 Nb8d7
18.h4 Nd7f6
19.Bg5xf6 Qf7xf6
20.Qg4d7 Bd6c5
21.f3 Ra8d8
22.Qd7h3 a5
23.g4 b4
24.c4 Bc5d4
25.g5 Qf6e7
26.Qh3g4 b3
27.cxb3 Qe7a3
28.Qg4e6 Kh8
29.Rh1h2 Qa3b4
30.f4 Qb4c3
31.Rh2b2 Qc3xb2
{ resign }
0-1

[Event "Tourn. n8746"]
[Site "www.chess-mail.com"]
[Date "2016.06.03"]
[Round "1"]
[White "Daquata"]
[Black "Azulmarino"]
[WhiteElo "1670"]
[BlackElo "1470"]
[Result "1-0"]
[Round "1"]
1.e4 e5
2.Ng1f3 Nb8c6
3.Bf1c4 Bf8c5
4.c3 d6
5.d4 Bc5b6
6.dxe5 Bc8g4
7.Bc4xf7 Kxf7
8.Nf3g5 Ke8
9.Qd1xg4 Nc6e7
10.exd6 Qd8xd6
11.O-O c5
12.Bc1f4 Ng8f6
13.Bf4xd6 Nf6xg4
14.Nb1d2 Bb6d8
15.Nd2f3 O-O
16.Bd6xc5 Bd8c7
17.Bc5xe7 Rf8e8
18.Be7a3 h6
19.Ng5h3 Re8xe4
20.Rf1e1 Re4c4
21.Re1e7 Ra8d8
22.g3 Bc7b6
23.Ra1e1 Rc4c6
24.Re7xb7 Rc6f6
25.Kg2 Rd8c8
26.Re1e7 Bb6d8
27.Re7xg7 Kh8
28.Rg7xg4 Bd8c7
29.Rg4c4 Rf6b6
30.Rb7xc7 Rc8xc7
31.Rc4xc7 a5
32.Nf3d4 Kg8
33.Rc7c6 Rb6b7
34.Rc6xh6 Kf7
35.Rh6h7 { resign }
1-0

[Event "Tourn. n8752"]
[Site "www.chess-mail.com"]
[Date "2016.06.03"]
[Round "1"]
[White "Picifarkinca"]
[Black "Difficult"]
[WhiteElo "1730"]
[BlackElo "1810"]
[Result "1-0"]
[Round "1"]
1.Ng1f3 d6
2.b3 c5
3.Bc1b2 Ng8f6
4.g3 Nb8c6
5.Bf1g2 e5
6.d3 Bf8e7
7.O-O O-O
8.c4 Nc6d4
9.e3 Nd4xf3
10.Bg2xf3 Qd8c7
11.Nb1c3 a6
12.Nc3d5 Nf6xd5
13.Bf3xd5 Bc8d7
14.Qd1f3 Ra8b8
15.Bb2c3 Bd7e6
{ time. }
1-0

[Event "Tourn. n8733"]
[Site "www.chess-mail.com"]
[Date "2016.06.03"]
[Round "1"]
[White "Matchbox"]
[Black "Falcoale"]
[WhiteElo "1820"]
[BlackElo "1750"]
[Result "1-0"]
[Round "1"]
1.Ng1f3 Ng8f6
2.c4 e6
3.d4 d5
4.Bc1g5 h6
5.Bg5f4 Bf8b4
6.Bf4d2 Bb4xd2
7.Nb1xd2 O-O
8.e3 c6
9.Bf1e2 Nb8d7
10.O-O b6
11.Ra1c1 Bc8b7
12.b3 c5
13.cxd5 exd5
14.Be2b5 a6
15.Bb5xd7  { time }
1-0

[Event "Tourn. n8698"]
[Site "www.chess-mail.com"]
[Date "2016.06.03"]
[Round "1"]
[White "Tonino1"]
[Black "Orhany24"]
[WhiteElo "2210"]
[BlackElo "2120"]
[Result "1/2-1/2"]
[Round "1"]
1.d4 d5
2.Ng1f3 Ng8f6
3.e3 Bc8g4
4.Bf1d3 e6
5.O-O Bf8d6
6.b3 O-O
7.h3 Bg4h5
8.Bc1b2 Nb8d7
9.Nb1d2 c5
10.g4 Bh5g6
11.Bd3xg6 fxg6
12.Nf3e5 cxd4
13.exd4 Qd8c7
14.f4 a6
15.g5 Nf6h5
16.Qd1g4 Ra8e8
17.c4 Bd6b4
18.Ra1d1 Nd7xe5
19.fxe5 Rf8xf1
20.Nd2xf1 Qc7f7
21.c5 Re8f8
22.a3 Qf7f2
23.Kh1 Bb4d2
24.Qg4xe6 Kh8
25.Qe6xd5 Bd2f4
26.Qd5g2 Qf2h4
27.Bb2c3 Nh5g3
28.Nf1xg3 Bf4xg3
29.Rd1g1 Rf8f3
30.Rg1f1 Rf3xf1
31.Qg2xf1 Qh4e4
32.Kg1 Qe4e3
33.Kg2 Bg3f4
34.Qf1f3 Qe3c1
35.d5 Kg8
36.e6 Qc1c2
37.Kf1 Qc2c1
38.Kg2 Qc1c2
{ draw }
1/2-1/2

[Event "Tourn. n8755"]
[Site "www.chess-mail.com"]
[Date "2016.06.03"]
[Round "1"]
[White "Osopanda"]
[Black "Difficult"]
[WhiteElo "1950"]
[BlackElo "1800"]
[Result "1-0"]
[Round "1"]
1.d4 d5
2.c4 dxc4
3.e4 Ng8f6
4.e5 Nf6d5
5.Bf1xc4 Nb8c6
6.Ng1f3 e6
7.Nb1c3 Bf8e7
8.O-O O-O
9.Rf1e1 a6
10.Bc4b3 Rf8e8
11.Nc3xd5 exd5
12.Bc1f4 Bc8g4
13.Qd1d3 Bg4xf3
14.gxf3 Be7f8
15.Bf4g3 g6
16.f4 Bf8g7
17.Ra1c1 Qd8d7
{ time. }
1-0

[Event "Match"]
[Site "www.echecsemail.com"]
[Date "2016.06.03"]
[Round "1"]
[White "Funchess"]
[Black "Mdesouza"]
[WhiteElo "1730"]
[BlackElo "2260"]
[Result "0-1"]
[Round "1"]
1.d4 Ng8f6
2.Ng1f3 e6
3.Bc1g5 d5
4.Nb1d2 c5
5.e3 Nb8c6
6.Bf1b5 Bf8e7
7.O-O O-O
8.Bb5xc6 bxc6
9.c3 cxd4
10.cxd4 c5
11.dxc5 Be7xc5
12.Nd2b3 Bc5e7
13.Nf3e5 Bc8b7
14.Ra1c1 Nf6e4
15.Bg5xe7 Qd8xe7
16.Nb3d4 Rf8c8
17.Qd1b3 Ne4d2
18.Rc1xc8 Ra8xc8
{ resign }
0-1

[Event "Match"]
[Site "www.echecsemail.com"]
[Date "2016.06.03"]
[Round "1"]
[White "Krystek23"]
[Black "Jhzes"]
[WhiteElo "2270"]
[BlackElo "1809"]
[Result "1-0"]
[Round "1"]
1.c4 g6
2.Nb1c3 e5
3.e4 Bf8c5
4.Ng1f3 Nb8c6
5.d3 d6
6.Bf1e2 Ng8f6
7.h3 Nc6d4
8.Nf3xd4 Bc5xd4
9.O-O Bd4xc3
10.bxc3 b6
11.Bc1h6 Bc8e6
12.f4 Nf6d7
13.f5 gxf5
14.exf5 Be6xc4
15.dxc4 Qd8h4
16.Qd1d5 O-O-O
17.Bh6g7 Rh8g8
18.Be2f3 Nd7c5
19.Qd5a8 Kd7
20.Bf3c6 Ke7
21.f6 Ke6
22.Bc6d5 Kd7
23.Qa8c6 Kc8
24.Bd5xf7 Rg8xg7
25.fxg7 Qh4g5
26.g8Q Rd8xg8
27.Qc6a8 Kd7
28.Qa8xg8 { resign }
1-0

[Event "Match"]
[Site "www.echecsemail.com"]
[Date "2016.06.03"]
[Round "1"]
[White "Ssharp"]
[Black "Tonino1"]
[WhiteElo "2240"]
[BlackElo "2010"]
[Result "1-0"]
[Round "1"]
1.e4 c5
2.Ng1f3 d6
3.Bf1c4 e6
4.Nb1c3 Nb8c6
5.O-O Bf8e7
6.a3 Ng8f6
7.d3 O-O
8.h3 a6
9.Nc3e2 b5
10.Bc4a2 Bc8b7
11.c3 Qd8c7
12.Bc1f4 Rf8d8
13.Ra1c1 Nc6e5
14.Bf4xe5 dxe5
15.Nf3g5 Nf6h5
16.Ng5xe6 fxe6
17.Ba2xe6 Kh8
18.Qd1c2 Be7g5
19.Rc1d1 Nh5f4
20.Ne2xf4 Bg5xf4
21.g3 Qc7e7
22.Be6f5 g6
23.Bf5g4 h5
24.Bg4f3 Bf4h6
25.Qc2e2 Rd8f8
26.Kg2 Rf8f7
27.Kh2 Ra8f8
28.Bf3g2 h4
29.g4 Bh6f4
30.Kh1 g5
31.f3 Qe7c7
32.c4 Rf7d7
33.b3 Rf8d8
34.Qe2c2 Rd7d4
35.Rf1g1 Qc7d6
36.Bg2f1 bxc4
37.bxc4 a5
38.Bf1e2 Bb7a6
39.Qc2c3 Qd6c7
40.Rd1b1 Bf4e3
41.Rg1d1 Rd4d7
42.Rb1b3 Be3d4
43.Qc3c2 Rd8b8
44.Rb3xb8 Qc7xb8
45.Rd1b1 Rd7b7
46.Rb1xb7 Qb8xb7
47.Be2d1 Bd4b2
48.Qc2d2 Bb2xa3
49.Qd2xg5 Qb7b1
50.Qg5xh4 Kg8
51.Qh4d8 Kf7
52.Qd8d7 Kf6
53.Qd7f5 Ke7
54.Qf5xe5 Kd7
55.Qe5f5 Kc6
56.Qf5f6 Kb7
57.Qf6f7 Kb8
58.Qf7f4 Ka8
59.Qf4d2 Ba3b4
60.Qd2c2 Qb1xc2
61.Bd1xc2 Bb4c3
62.Kg2 Ba6c8
63.Bc2a4 Kb7
64.f4 Kc7
65.Kf3 Bc8d7
66.Ba4b3 a4
67.Bb3a2 Kb6
68.e5 Ka5
69.h4 Kb4
70.h5 Bd7e6
71.h6 Be6g8
72.Ke4 Ka3
73.g5 Bg8h7
74.f5 Bc3d2
75.g6 Bh7xg6
76.fxg6 Bd2xh6
77.e6 Bh6f8
78.Kd5 Kxa2
79.e7 Bf8xe7
80.g7 Kb2
81.g8Q a3
82.Qg8g7 Kb1
83.Qg7xe7 a2
84.Qe7xc5 a1Q
85.Qc5g1 Ka2
86.Qg1xa1 { resign }
1-0

[Event "Match"]
[Site "www.echecsemail.com"]
[Date "2016.06.03"]
[Round "1"]
[White "Starwind"]
[Black "Micheles"]
[WhiteElo "2330"]
[BlackElo "2490"]
[Result "1-0"]
[Round "1"]
1.d4 Ng8f6
2.c4 g6
3.Nb1c3 d5
4.cxd5 Nf6xd5
5.e4 Nd5xc3
6.bxc3 Bf8g7
7.Ng1f3 c5
8.Ra1b1 O-O
9.Bf1e2 b6
10.O-O Bc8b7
11.Qd1d3 e6
12.Bc1g5 Qd8c7
13.Qd3e3 Nb8d7
14.e5 a6
15.Bg5e7 Rf8c8
16.dxc5 Nd7xc5
17.Be7d6 Qc7c6
18.c4 Bg7f8
19.Rf1d1 Rc8d8
20.Bd6xf8 Rd8xf8
21.Rd1d6 Qc6c7
22.Rb1xb6 Ra8d8
23.Nf3g5 Kg7
24.h4 h6
25.Ng5h3 Rd8xd6
26.Rb6xd6 Nc5e4
27.Rd6d4 Qc7xe5
28.Be2f3 f5
29.Bf3xe4 fxe4
30.Rd4d7 Rf8f7
31.Rd7xf7 Kxf7
32.Qe3xh6 Qe5a1
33.Kh2 Qa1e5
34.g3 Qe5d4
35.Qh6f4 Ke7
36.Nh3g5 Kd7
37.Qf4f7 Kd6
38.Ng5xe6 Qd4xc4
39.Qf7xb7 Kxe6
40.Qb7b3 { resign }
1-0

[Event "Match"]
[Site "www.echecsemail.com"]
[Date "2016.06.03"]
[Round "1"]
[White "Micheles"]
[Black "Birya"]
[WhiteElo "2540"]
[BlackElo "1809"]
[Result "1-0"]
[Round "1"]
1.d4 Ng8f6
2.Ng1f3 d5
3.Bc1g5 e6
4.Nb1d2 Bf8e7
5.e3 O-O
6.Bf1d3 h6
7.Bg5h4 b6
8.O-O  { time }
1-0

[Event "Match"]
[Site "www.echecsemail.com"]
[Date "2016.06.03"]
[Round "1"]
[White "Ledzepp"]
[Black "Nulladies"]
[WhiteElo "1360"]
[BlackElo "1499"]
[Result "0-1"]
[Round "1"]
1.e4 c5
2.d4 cxd4
3.Qd1xd4 Nb8c6
4.Qd4c4 Ng8f6
5.Ng1f3 d5
6.exd5 Nf6xd5
7.Bf1d3 g6
8.O-O Bf8g7
9.Bd3e4 Nd5b6
10.Qc4b3 Bc8e6
11.Qb3e3 Nb6c4
12.Qe3e2 Nc4xb2
13.Nf3g5 Be6c4
14.Be4d3 Nb2xd3
15.Rf1d1 Bg7xa1
16.cxd3 Bc4d5
17.Rd1e1 Ba1f6
18.Nb1a3 h6
19.Ng5h3 O-O
20.Bc1xh6 Nc6d4
21.Qe2e3 Nd4f5
22.Qe3f4 Nf5xh6
23.Qf4xh6 Qd8a5
24.Re1f1 Qa5xa3
25.Nh3f4 Bf6g7
26.Qh6h3 Bd5c6
27.g3 Ra8d8
28.Qh3h4 Bg7f6
29.Qh4g4 Rd8d4
30.Qg4e2 e5
31.Nf4g2 Bc6xg2
32.Kxg2 Qa3xd3
33.Qe2e1 Qd3e4
34.Kg1 Qe4xe1
35.Rf1xe1 Rf8c8
36.Re1b1 b6
37.Rb1b3 Rc8c5
38.Rb3a3 Rc5a5
39.Ra3c3 Ra5xa2
40.Rc3c8 Kg7
41.h4 b5
42.Rc8c3 b4
43.Rc3b3 a5
44.Rb3b1 Rd4d2
45.Kg2 Rd2xf2
46.Kh3 Kh6
47.Rb1c1 Kg7
48.Rc1c5 b3
49.Rc5b5 b2
50.Rb5b3 Rf2f1
51.Kg4 b1Q
52.Rb3xb1 Rf1xb1
53.h5 Ra2a4
54.Kh3 gxh5
55.g4 Ra4xg4
56.Kh2 Rb1b3
{ resign }
0-1

[Event "Match"]
[Site "www.echecsemail.com"]
[Date "2016.06.03"]
[Round "1"]
[White "Babedad"]
[Black "Tomcapp"]
[WhiteElo "1499"]
[BlackElo "1570"]
[Result "1-0"]
[Round "1"]
1.Ng1f3 d6
2.g3 e5
3.d3 Ng8f6
4.Nb1d2 Nb8c6
5.Bf1g2 d5
6.O-O Bf8d6
7.Rf1e1 d4
8.e4 Bd6b4
9.a3 Bb4a5
10.b4 Ba5b6
11.Nd2c4 Bc8g4
12.h3 Bg4xf3
13.Qd1xf3 Qd8d7
14.b5 Nc6a5
15.Nc4xe5 Qd7e6
16.Bc1f4 c6
17.bxc6 Na5xc6
18.Ne5xc6 Qe6xc6
19.Qf3e2 a5
20.e5 Qc6e6
21.exf6 g6
22.Qe2xe6 fxe6
23.Re1xe6 Kf7
24.Re6xb6 Ra8a7
25.Ra1e1 g5
26.Re1e7 Kg6
27.Re7g7  { time }
1-0

[Event "Match"]
[Site "www.echecsemail.com"]
[Date "2016.06.03"]
[Round "1"]
[White "Iko"]
[Black "Gambitchess"]
[WhiteElo "1640"]
[BlackElo "1650"]
[Result "1-0"]
[Round "1"]
1.e4 d6
2.Ng1f3 c5
3.Bf1d3 g6
4.O-O Bf8g7
5.Nb1c3 Nb8c6
6.Nc3d5 Ng8f6
7.Nf3g5 O-O
8.Qd1f3 Nc6e5
9.Qf3g3 Nf6xd5
10.exd5 Ne5xd3
11.Qg3xd3 h6
12.Ng5e4 Bc8f5
13.c4 Bf5xe4
{ time. }
1-0

[Event "Match"]
[Site "www.echecsemail.com"]
[Date "2016.06.03"]
[Round "1"]
[White "Jhzes"]
[Black "Pinehill"]
[WhiteElo "2370"]
[BlackElo "2060"]
[Result "1-0"]
[Round "1"]
1.d4 Ng8f6
2.Nb1c3 e6
3.Bc1f4 d5
4.Nc3b5 Nb8a6
5.Ng1f3 c6
6.Nb5c3 Bf8b4
7.Nf3d2 Na6c7
8.Nc3a4 Bb4xd2
9.Bf4xd2 O-O
10.g3 Rf8e8
11.b3 e5
12.dxe5 Re8xe5
13.Bd2f4 Re5e8
14.Bf1g2 Nc7e6
15.Bf4d2 Qd8e7
16.O-O Bc8d7
17.a3 h6
18.f4 b6
19.Bd2c3 b5
20.Na4b2 Ne6c5
21.b4 Nc5e4
22.Bg2xe4 Nf6xe4
23.Bc3d4 Bd7g4
24.Rf1e1 f5
25.Nb2d3 a5
26.Nd3e5 Qe7c7
27.Ne5xg4 fxg4
28.c3 h5
29.e3 Qc7d8
30.bxa5 Ra8xa5
31.a4 h4
32.Qd1xg4 hxg3
33.Qg4xg7 
1-0

[Event "1/128 Finale"]
[Site "www.chess-mail.com"]
[Date "2016.06.03"]
[Round "1"]
[White "Grimsby"]
[Black "Julian"]
[WhiteElo "1450"]
[BlackElo "2050"]
[Result "1/2-1/2"]
[Round "1"]
1.e4 c5
2.c4 e6
3.Ng1f3 Nb8c6
4.d4 cxd4
5.Nf3xd4 a6
6.Bf1e2 Bf8c5
7.Nd4xc6 bxc6
8.O-O d6
9.Nb1c3 Ng8f6
10.Be2f3 O-O
11.Qd1e2 e5
12.Rf1d1 Qd8e7
13.Bc1e3 Bc5xe3
14.Qe2xe3 Bc8e6
15.b3 Rf8d8
16.Ra1c1 Ra8c8
17.h3 d5
18.cxd5 cxd5
19.exd5 Be6f5
20.g4 Bf5g6
21.g5 Nf6e8
22.h4 Ne8d6
23.Nc3a4 Rc8xc1
24.Rd1xc1 e4
25.Bf3g2 Nd6b5
26.Qe3c5 Qe7xc5
27.Rc1xc5 h6
28.gxh6 gxh6
29.Kf1 Rd8d6
30.Rc5c6 Rd6xd5
31.Rc6xa6 Rd5d1
32.Ke2 Rd1a1
33.Na4c5 Nb5c3
34.Ke3 Ra1xa2
35.Ra6xa2 Nc3xa2
36.Bg2xe4 Kg7
37.Be4xg6 { draw }
1/2-1/2

[Event "1/64 Finale"]
[Site "www.chess-mail.com"]
[Date "2016.06.03"]
[Round "1"]
[White "Picifarkinca"]
[Black "Derfel83"]
[WhiteElo "1730"]
[BlackElo "2060"]
[Result "1-0"]
[Round "1"]
1.Ng1f3 Ng8f6
2.g3 b6
3.Bf1g2 Bc8b7
4.O-O e6
5.b3 d5
6.Bc1b2 Nb8d7
7.d4 c5
8.Nb1d2 Qd8c7
9.c4 Bf8d6
10.cxd5 Bb7xd5
11.Ra1c1 O-O
12.Nd2c4 Bd6e7
13.Nf3e5 Ra8d8
14.Bg2xd5 exd5
15.Ne5xd7 Nf6xd7
16.Nc4e5 Nd7xe5
17.dxe5 d4
18.f4 f6
19.e6 f5
20.b4 Rf8f6
21.Qd1b3 Qc7c6
22.e3 Rf6xe6
23.exd4 Kf8
24.dxc5 bxc5
25.Qb3c2 Qc6d5
26.Rf1d1 Qd5e4
27.Rd1xd8 Be7xd8
28.Qc2xe4 fxe4
29.bxc5 Bd8c7
30.Kf2 Re6a6
31.Rc1c2 Ra6c6
32.Ke3 { resign }
1-0

[Event "1/64 Finale"]
[Site "www.chess-mail.com"]
[Date "2016.06.03"]
[Round "1"]
[White "Sandokam"]
[Black "Bevittsmith"]
[WhiteElo "2070"]
[BlackElo "2300"]
[Result "1/2-1/2"]
[Round "1"]
1.e4 e6
2.d4 d5
3.Nb1c3 Bf8b4
4.a3 Bb4xc3
5.bxc3 dxe4
6.f3 exf3
7.Ng1xf3 Ng8f6
8.Bf1d3 Nb8d7
9.O-O c5
10.Qd1e1 { draw }
1/2-1/2

[Event "Tourn. n8761"]
[Site "www.chess-mail.com"]
[Date "2016.06.04"]
[Round "1"]
[White "Coventry"]
[Black "Mitja"]
[WhiteElo "2000"]
[BlackElo "1890"]
[Result "0-1"]
[Round "1"]
1.d4 d5
2.Nb1c3 e6
3.e4 dxe4
4.Nc3xe4 c6
5.Ng1f3 h6
6.Bf1d3 Ng8f6
7.c3 b6
8.Qd1e2 Bc8b7
9.O-O Nf6xe4
10.Bd3xe4 Nb8d7
11.Nf3e5 Nd7xe5
12.dxe5 Bf8e7
13.Bc1e3 Qd8c7
14.f4 c5
15.Be4xb7 Qc7xb7
16.Qe2f3 { time. }
0-1

[Event "Tourn. n8762"]
[Site "www.chess-mail.com"]
[Date "2016.06.04"]
[Round "1"]
[White "Coventry"]
[Black "Derfel83"]
[WhiteElo "2000"]
[BlackElo "2100"]
[Result "0-1"]
[Round "1"]
1.Ng1f3 c5
2.c4 Ng8f6
3.d4 e6
4.e3 b6
5.Nb1c3 Bc8b7
6.Bf1e2 Bf8d6
7.Nc3b5 Bd6c7
8.Nb5xc7 Qd8xc7
9.O-O Nb8c6
10.b3 O-O
11.Bc1b2 Nc6e7
12.dxc5 Nf6e4
13.cxb6 { time. }
0-1

[Event "Tourn. n8784"]
[Site "www.chess-mail.com"]
[Date "2016.06.04"]
[Round "1"]
[White "Coventry"]
[Black "Viru"]
[WhiteElo "2000"]
[BlackElo "1819"]
[Result "0-1"]
[Round "1"]
1.e4 e5
2.Bf1c4 Ng8f6
3.d3 Bf8c5
4.Ng1f3 d6
5.h3 h6
6.O-O Nb8c6
7.Nb1c3 a6
8.Nc3d5 b5
9.Bc4b3 Bc8e6
10.Nd5xf6 { time. }
0-1